01214cam a2200253 a 450000500170000000800410001704000410005804100130009904400070011208200200011911000450013924501090018424601330029326001070042630000570053354600260059061000610061665000340067765000180071165000340072965000230076378000770078678700970086320191224042336.0020417u19uu9999pn uu f0 0eng d aMOAcMOAdHULdSYSdOCoLCdCO-BoIAVH0 aengaspa ack04a333.9506 bS66t2 aSmithsonian Tropical Research Institute.10aReport of the Smithsonian Tropical Research Institute : bOctuber 1st, 1997 through September 30 de 199931aInforme anual del Instituto Smithsonian de Investigaciones Tropicales : bdel 1° de octubre de 1997 al 30 de septiembre de 1999 aBalboa, República de Panamá ;aWashington, D.C. :bSmithsonian Tropical Research Institute,c1999. a94 páginas :bilustraciones a color ;c28 x 22 cm. aInglés y español.26aSmithsonian Tropical Research Institute.z1999vReportes26aZona tropicalvReportesz199926aBiodiversidad26aEcología de las poblaciones26aRecursos naturales00aSmithsonian Tropical Research Institute.tAnnual reportw(OCoLC)155472651 aSmithsonian Institution.sSmithsonian year (1980)x0273-4982w(DLC) 80645291w(OCoLC)6389115